War Poem Authors Quiz Stats

 Plays Quiz Updated Feb 4, 2018

Also try: Click the Poet
Challenge
Share
Tweet
Embed
Score 0/14 Timer 03:00
1 Play Today
Question Answer Wrong Answers
The Charge of the Light Brigade Alfred, Lord Tennyson
74.9%
Edgar Allan Poe
4.3%
William Wordsworth
8.4%
Charles Sydney Smith
5.3%
An Irish Airman Foresees His Death W. B. Yeats
61.6%
Rudyard Kipling
6.7%
John Keats
15%
Ian Botham
9%
In Flanders Fields John McCrae
54.5%
Edgar Allan Poe
6.2%
Paul Dirac
11.3%
Siegfried Sassoon
21.3%
And Death Shall Have No Dominion Dylan Thomas
48%
Edgar Allan Poe
10.8%
William Wordsworth
20.7%
Harry Vardon
12.7%
The Soldier Rupert Brooke
47.8%
William Blake
23.1%
Maya Angelou
8.3%
D.W. Griffith
12.6%
Strange Meeting Wilfred Owen
39%
Walt Whitman
19.8%
James Clerk Maxwell
18.3%
William Blake
15.1%
MCMXIV Philip Larkin
38%
Walt Whitman
16.6%
Ralph Waldo Emerson
16.7%
Bernardo O'Higgins
20.6%
Christ and the Soldier Siegfried Sassoon
37.3%
Sylvia Plath
11.9%
George Gordon Byron
21.9%
Richard Barthelmess
20.8%
Break of Day in the Trenches Isaac Rosenberg
35.5%
Oscar Wilde
10.6%
Lloyd C. Blankfein
27%
Thomas Hardy
18.4%
Drummer Hodge Thomas Hardy
33.7%
William Wordsworth
13.6%
John Henry Taylor
25.2%
Wilfred Owen
19.9%
Marching Men Marjorie Pickthall
33.3%
Maya Angelou
12.2%
Sylvia Plath
17.9%
Elizabeth Barrett Browning
28.5%
For the Fallen Laurence Binyon
29.5%
John Maynard Keynes
17.6%
Emily Dickinson
15.6%
Wilfred Owen
29%
When You See Millions of the Mouthless Dead Charles Sorley
27.5%
Robert Frost
19.3%
Francis Crick
15%
Wilfred Owen
29.8%
The Son Clifford Dyment
18.3%
Elizabeth Barrett Browning
16.6%
Rudyard Kipling
44.9%
Norma Talmadge
11.9%

You're not logged in!

Compare scores with friends on all Sporcle quizzes.
OR
Log In

You Might Also Like...

Show Comments

Extras

Top Quizzes Today


Score Distribution

Your Account Isn't Verified!

In order to create a playlist on Sporcle, you need to verify the email address you used during registration. Go to your Sporcle Settings to finish the process.

Report this User

Report this user for behavior that violates our Community Guidelines.

Details: